000 010600000a22002050004500
001 768714001
003 CO-MdFUSB
005 20161118145126.0
008 161118s1995 cr ||||| |||| 00| 0 spa d
022 _a1019-6366
040 _aCO-MdFUSB
_bspa
_cCO-MdFUSB
_dCO-MdFUSB
041 _aspa
100 1 _aPrieto, Jaime
_eautor
245 1 0 _aEntre Sergei Rajmaninov y los evangélicos :
_b El peregrinaje de Ricardo Foulkes (1926-1995)
300 _aVolumen 15, Número 1, (Julio, 1995), Páginas 7-22
_c24 cm.
520 _aPara poder dibujar el retrato de Foulkes en su peregrinaje de casi setenta años, requeriríamos no solamente un mayor número de testimonios orales y de documentos escritos, sino también mucho más tiempo dedicado a la investigación. Por ello el presente ensayo no pretende en manera alguna concluir dicho retrato; es más bien un esfuerzo por empezar a trazar su perfil.
546 _aTexto en Español
773 0 _tVida y pensamiento
_049445
_960232
_gVolumen 15, Número 1, (Julio, 1995), Páginas 7-22
_qPágina 7
942 _cANA
999 _c53046
_d53046